• 首页
  • 本馆介绍
  • 公告通知
  • 最新文献
  • 馆藏检索
  • 电子资源
  • 读者导购
  • 参考咨询
  • 我的图书馆
  • 登录
  • 详细信息显示
  • 放入我的书架
  • 预约/预借图书
  • 作者相关作品
  • 分类相关作品
  • 丛书相关作品
  • 出版社相关作品

书目信息

  • 表格格式
  • 工作单格式
  • 卡片格式
题名:
开封改革开放大事记
    
 
作者: 詹鸣燕 主编 ;中国共产党 编
分册:  
出版信息: 北京   中共党史出版社  2019
页数: 560页
开本: 24cm
丛书名:
单 册:
中图分类: D619.613
科图分类:
主题词: 改革开放--gai ge kai fang--大事记--河南省--开封市--1978-2018
电子资源:
ISBN: 978-7-5098-4929-3
000 01134nam0 2200265 450
001 012001008355
005 20130122155939.0
010    @a978-7-5098-4929-3@dCNY98.00
099    @aCAL 012019046127
100    @a20190412d2019 em y0chiy50 ea
101 0  @achi
102    @aCN@b110000
105    @ay z 000yy
106    @ar
200 1  @a开封改革开放大事记@Akai feng gai ge kai fang da shi ji@e1978.12-2018.06@f中共开封市委党史研究室编
210    @a北京@c中共党史出版社@d2019
215    @a560页@d24cm
314    @a书中题: 主编詹鸣燕
330    @a本书以开封改革开放为主线, 记录了这一时期内所开过的主要会议, 发生的主要事件, 主要人物的重要活动以及与此相关的经济、政治、文化、社会等方面的重大事件, 是开封政治建设、经济建设、文化建设、社会建设、生态文明建设、党的建设的真实记录。
606 0  @a改革开放@Agai ge kai fang@x大事记@y河南省@y开封市@z1978-2018
690    @aD619.613@v5
701  0 @a詹鸣燕@Azhan ming yan@4主编
712 02 @a中国共产党@Azhong guo gong chan dang@b开封市委员会@Akai feng shi wei yuan hui@b党史研究室@Adang shi yan jiu shi@4编
801  0 @aCN@b上海新华@c20191020
905    @b1134752-5@dD619.613@e260@f4
    
    开封改革开放大事记:1978.12-2018.06/中共开封市委党史研究室编.-北京:中共党史出版社,2019
    560页;24cm
    
    
    ISBN 978-7-5098-4929-3:CNY98.00
    本书以开封改革开放为主线, 记录了这一时期内所开过的主要会议, 发生的主要事件, 主要人物的重要活动以及与此相关的经济、政治、文化、社会等方面的重大事件, 是开封政治建设、经济建设、文化建设、社会建设、生态文明建设、党的建设的真实记录。
●
相关链接 在E读中查询图书 在五车中查询图书 在当当中查询图书 在豆瓣中查询图书


正题名:开封改革开放大事记     索取号:D619.613/260         预约/预借

序号 登录号 条形码 馆藏地/架位号 状态 备注
1 1134752   211347522   第一样本阅览室/ [索取号:D619.613/260] 在馆    
2 1134753   211347531   第一借阅区/ [索取号:D619.613/260] 在馆    
3 1134754   211347540   第一借阅区/ [索取号:D619.613/260] 在馆    
4 1134755   211347559   第一借阅区/ [索取号:D619.613/260] 在馆    
唐山师范学院图书馆 欢迎您!
大连网信软件有限公司© 版权所有